| 000 | 00385nam a22001337a 4500 | ||
|---|---|---|---|
| 082 |
_a297.092 _bSAI |
||
| 100 | _aSaim Chishti, Allama | ||
| 245 |
_aMadhe maarra maula Ali Karam Allah: _bAli Karam Allah Ali hai / _cAllama Saim Chishti |
||
| 260 |
_aPakistan: _bMadina Foundation; _c- |
||
| 300 | _a120p. | ||
| 563 | _aHB | ||
| 650 |
_acompanions _9118639 |
||
| 942 |
_2ddc _cBK |
||
| 999 |
_c606820 _d606820 |
||